• 首页
  • 本馆介绍
  • 公告通知
  • 最新文献
  • 馆藏检索
  • 电子资源
  • 读者导购
  • 参考咨询
  • 我的图书馆
  • 登录
  • 详细信息显示
  • 放入我的书架
  • 预约/预借图书
  • 作者相关作品
  • 分类相关作品
  • 丛书相关作品
  • 出版社相关作品

书目信息

  • 表格格式
  • 工作单格式
  • 卡片格式
题名:
化工原理实验
    
 
作者: 丁海燕 主编
分册:  
出版信息: 青岛   中国海洋大学出版社  2013.07
页数: 170页
开本: 23cm
丛书名:
单 册:
中图分类: TQ02-33
科图分类:
主题词: 化工原理--实验--高等学校--教材 , 化工原理
电子资源:
ISBN: 978-7-5670-0324-8
000 01123nam0 2200301 450
001 006182376
005 20170502102021.96
010    @a978-7-5670-0324-8@dCNY24.80
100    @a20130914d2013 em y0chiy0110 ea
101 0  @achi
102    @aCN@b370000
105    @aak z 000yy
106    @ar
200 1  @a化工原理实验@9hua gong yuan li shi yan@f丁海燕主编
205    @a2版@b修订版
210    @a青岛@c中国海洋大学出版社@d2013.07
215    @a170页@c图@d23cm
300    @a高等学校化学实验教材
312    @a封面英文题名:Experiment of chemical engineering principles
330    @a本书分为三章,包括:化工实验数据的处理与实验设计方法、化工实验常用测量仪器仪表的使用、化工原理实验。实验内容覆盖面广,涵盖了流体流动、传热、精馏、吸收、萃取、干燥等典型的化工单元操作过程,既有原理性实验,又有综合性实验。
333    @a高校相关专业师生
510 1  @aExperiment of chemical engineering principles@zeng
606 0  @a化工原理@x实验@x高等学校@j教材
606 0  @a化工原理
690    @aTQ02-33@v5
701  0 @a丁海燕@9ding hai yan@4主编
801  0 @aCN@b人天书店@c20130914
905    @b989747-50@dTQ02-33@e380=2@f4
    
    化工原理实验/丁海燕主编.-2版,修订版.-青岛:中国海洋大学出版社,2013.07
    170页:图;23cm
    高等学校化学实验教材.-使用对象:高校相关专业师生
    
    ISBN 978-7-5670-0324-8:CNY24.80
    本书分为三章,包括:化工实验数据的处理与实验设计方法、化工实验常用测量仪器仪表的使用、化工原理实验。实验内容覆盖面广,涵盖了流体流动、传热、精馏、吸收、萃取、干燥等典型的化工单元操作过程,既有原理性实验,又有综合性实验。
●
相关链接 在E读中查询图书 在五车中查询图书 在当当中查询图书 在豆瓣中查询图书


正题名:化工原理实验     索取号:TQ02-33/380=2         预约/预借

序号 登录号 条形码 馆藏地/架位号 状态 备注
1 989747   209897478   第二样本阅览室/ [索取号:TQ02-33/380=2] 在馆    
2 989748   209897487   第三借阅区/ [索取号:TQ02-33/380=2] 在馆    
3 989749   209897496   第三借阅区/ [索取号:TQ02-33/380=2] 在馆    
4 989750   209897502   密集书库-化学系/ [索取号:TQ02-33/380=2] 在馆    
唐山师范学院图书馆 欢迎您!
大连网信软件有限公司© 版权所有